| 000 | 01120nam a2200229Ia 4500 | ||
|---|---|---|---|
| 999 |
_c37323 _d37323 |
||
| 001 | 3282 | ||
| 003 | GE_BSU | ||
| 005 | 20190613155415.0 | ||
| 008 | 181216s2012||||ge |||||||||||||| ||geo|| | ||
| 020 | _a9789941412943 | ||
| 040 | _cGE_BSU | ||
| 041 | _ageo | ||
| 080 | _a512.4(075.8) ს–96 | ||
| 100 |
_aსურმანიძე, ონისე _92481 |
||
| 245 |
_aუწყვეტი ჯგუფები : _bსახელმძღვანელო / _cონისე სურმანიძე ; რედ. შოთა მახარაძე ; ბათუმის შოთა რუსთაველის სახელმწ. უნ-ტი. |
||
| 264 |
_aბათუმი : _bშოთა რუსთაველის სახელმწ. უნ-ტის გამ-ბა, _c 2012. |
||
| 300 |
_a117 გვ.; _b 20 სმ. |
||
| 653 | _aტოპოლოგიური ალგებრა | ||
| 700 |
_aმახარაძე, შოთა _eრედაქტორი _92482 |
||
| 710 |
_aბათუმის სახელმწ. უნ-ტი _92483 |
||
| 942 |
_cBK _2udc |
||